00727cam a2200205 a 450000100100000000500170001000800410002704000250006808200190009310000320011224500500014426000290019430000210022344000420024449000150028665000520030165000310035395201220038499900150050600000313320200929150335.0801119s1968 sp 001 e spa  aDO-SdBNPbspacBNPHU aAr864.6bS715n1 aSosa López, Emilio.9988413aLa novela y el hombre /cEmilio Sosa López. aMadrid :bGredos,c1968. a137 p. ;c21 cm. 0aBiblioteca Universitaria Gredos998850 aEnsayosv2 4aFicciónySIGLO 20xHistoria y crítica99886 4aLiteratura argentina93860 001052708MOaGRbGRcCTd2009-07-06iLF1l0oAr864.6 S715np3133-10r2020-06-25w2020-06-25y2ZPréstamo interno c2964d2964